| 000 | 00443nam a22001337a 4500 | ||
|---|---|---|---|
| 008 | 220809b |||||||| |||| 00| 0 eng d | ||
| 082 | _aBSC. ENV CAP NO.56 | ||
| 100 | _aPelden, Tshering | ||
| 245 | _aSocio Economic benefits of community Forest: A case study in chamgang community forest in Thimphu | ||
| 260 |
_aThimphu : _bRoyal Thimphu College, _c2022. |
||
| 300 |
_avi, 33 p. _c30 cm. |
||
| 650 | _aStudent`s research capstone | ||
| 942 | _2ddc | ||
| 999 |
_c9082 _d9083 |
||